Atlanta Hawks All-NBA Players - Statistics

General Stats
  • This quiz has been taken 319 times
    281 since last reset
  • The average score is 7 of 13
Answer Stats
Player % Correct
Dominique Wilkins
97%
Trae Young
97%
Bob Pettit
95%
Al Horford
81%
Joe Johnson
68%
Dikembe Mutombo
65%
Lou Hudson
47%
Pete Maravich
44%
Cliff Hagan
36%
Kevin Willis
34%
Dan Roundfield
15%
Slater Martin
12%
Frankie Brian
3%
No matching quizzes found
Score Distribution
Percent of People with Each Score
Percentile by Number Answered
Your Score History
You have not taken this quiz since the last reset